000 00802nam a2200241 i 4500
001 183036
003 ES-MaACL
005 20231029165654.0
008 140114s2012 sp | |||||||| | spa d
020 _a978-84-940666-0-3
080 _a821.134.2-31"19"
100 1 _aPáez-Camino, Feliciano.
_988234
245 1 0 _aEn el sabor del tiempo /
_cFeliciano Páez-Camino.
250 _a1ª ed.
260 _aMadrid :
_bHuerga y Fierro,
_c2012.
300 _a499 p. ;
_c22 cm.
490 1 _aNarrativa ;
_v383
830 0 _aNarrativa ;
_v383
_9177839
852 _aES-MaACL
_jA-12988
_9189969
_bR.149121
_cDEPO1
_dOlim: N-5988
_xDonación: Feliciano Páez-Camino
_zDedicatoria autógrafa del autor
903 _988234
_aPáez-Camino, Feliciano
_ednr
942 _2udc
_cMONOGRAFIA
999 _c183036
_d183036